000
00257nam a2200109Ia 4500
999
_c
14354
_d
14354
003
OSt
008
260210s9999 xx 000 0 und d
020
_a
9781940291482
082
_a
720.92
245
0
_a
Uncharted: The New Landscape of Tourism
942
_c
UG
_2
ddc